000 00354nam a2200133Ia 4500
005 20260328104324.0
008 260328s9999||||xx |||||||||||||| ||und||
100 _aUrsprung, Philip
245 0 _aUna conversación entre Jacques Herzog y Jeff Wall /
_cPhilip Ursprung
260 _bGustavo Gili
300 _a75 p.
650 _aARQUITECTOS
942 _cBK
999 _c11459
_d11459